Every Champion Region (Up to Ambessa) - Statistics

General Stats
  • This quiz has been taken 13 times
    10 since last reset
  • The average score is 138 of 168
Answer Stats
Hint Answer % Correct
Lulu Bandle
100%
Gnar Bandle/Freljord
100%
Corki Bandle/Piltover
100%
Gangplank Bilgewater
100%
Graves Bilgewater
100%
Illaoi Bilgewater
100%
Miss Fortune Bilgewater
100%
Nautilus Bilgewater
100%
Pyke Bilgewater
100%
Fizz Bilgewater/Bandle
100%
Nami Bilgewater/Runeterra
100%
Gwen Carnavor/Shadow Isles
100%
Hecarim Carnavor/Shadow Isles
100%
Kalista Carnavor/Shadow Isles
100%
Fiora Demacia
100%
Galio Demacia
100%
Garen Demacia
100%
Jarvan IV Demacia
100%
Lux Demacia
100%
Quinn Demacia
100%
Poppy Demacia/Bandle
100%
Lucian Demacia/Shadow Isles
100%
Kayle Demacia/Targon
100%
Morgana Demacia/Targon
100%
Anivia Freljord
100%
Ashe Freljord
100%
Braum Freljord
100%
Gragas Freljord
100%
Lissandra Freljord
100%
Nunu & Willump Freljord
100%
Olaf Freljord
100%
Ornn Freljord
100%
Ivern Freljord/Ionia
100%
Brand Freljord/Runeterra
100%
Jax Icathia/Runeterra/Shurima
100%
Kennen Inioa/Bandle
100%
Ahri ionia
100%
Akali Ionia
100%
Jhin Ionia
100%
Karma Ionia
100%
Irelia Ionia
100%
Lee Sin Ionia
100%
Lillia Ionia
100%
Master Yi Ionia
100%
Rakan Ionia
100%
Kayn Ionia/Noxus/Runeterra/Shurima
100%
Milio Ixtal
100%
Neeko Ixtal
100%
Nidalee Ixtal
100%
Qiyana Ixtal
100%
Malphite Ixtal/Shurima
100%
Briar Noxus
100%
Darius Noxus
100%
Draven Noxus
100%
Katarina Noxus
100%
Kled Noxus
100%
LeBlanc Noxus
100%
Rell Noxus
100%
Ambessa Noxus/Piltover
100%
Annie Noxus/Runeterra
100%
Elise Noxus/Shadow Isles
100%
Khartus Noxus/Shadow Isles
100%
Mordkaiser Noxus/Shadow Isles
100%
Cassiopeia Noxus/Shurima
100%
Caitlyn Piltover
100%
Camille Piltover
100%
Ezreal Piltover
100%
Jayce Piltover
100%
Orianna Piltover
100%
Heimerdinger Piltover/Bandle
100%
Kindred Runeterra
100%
Nocturne Runeterra
100%
Aurelion Sol Runeterra/Targon
100%
Maokai Shadow Isles
100%
Akshan Shurima
100%
Amumu Shurima
100%
Azir Shurima
100%
K'santé Shurima
100%
Naafiri Shurima
100%
Nasus Shurima
100%
Rammus Shurima
100%
Renekton Shurima
100%
Aatrox Shurima/Runeterra
100%
Kassadin Shurima/Void
100%
Malazahar Shurima/Void
100%
Rek'Sai Shurima/Void
100%
Janna Shurima/Zaun
100%
Kai'Sa Shurmia/Void
100%
Aphelios Targon
100%
Diana Targon
100%
Leona Targon
100%
Pantheon Targon
100%
Bel'veth Void
100%
Cho'Gath Void
100%
Kha'Zix Void
100%
Kog'Maw Void
100%
Blitzcrank Zaun
100%
Dr Mundo Zaun
100%
Ekko Zaun
100%
Jinx Zaun
100%
Renata Glasc Zaun
100%
Rumble Bandle
75%
Nilah Bilgewater
75%
Shyvana Demacia
75%
Aurora Freljord
75%
Sejuani Freljord
75%
Riven Inoia/Noxus
75%
Hwei Ionia
75%
Sett Ionia
75%
Shen Ionia
75%
Skarner Ixtal
75%
Rengar Ixtal/Shurima
75%
Sion Noxus
75%
Samira Noxus/Shurima
75%
Séraphine Piltover/Zaun
75%
Singed Piltover/Zaun
75%
Alistar Runeterra
75%
Bard Runeterra
75%
Evelynn Runeterra
75%
Fiddlesticks Runeterra
75%
Ryze Runeterra
75%
Shaco Runeterra
75%
Senna Shadow Isles
75%
Sivir Shurima
75%
Teemo Bandle
50%
Tristana Bandle
50%
Veigar Bandle/Runeterra/Shadow Isles
50%
Vex Bandle/Shadow Isles
50%
Twisted Fate Bilgewater
50%
Smolder Carnavor/Noxus
50%
Vladimir Carnavor/Noxus/Shadow Isles
50%
Viego Carnavor/Shadow Isles
50%
Vayne Demacia
50%
Sylas Demacia/Freljord
50%
Sona Demacia/Ionia
50%
Xin Zhao Demacia/Ionia/Noxus
50%
Taric Demacia/Targon
50%
Trundle Freljord
50%
Tryndamere Freljord
50%
Volibear Freljord
50%
Udyr Frljord/Ionia
50%
Syndra Ionia
50%
Wukong Ionia
50%
Xayah Ionia
50%
Varus Ionia/Runeterra/Shurima
50%
Soraka Ionia/Targon
50%
Swain Noxus
50%
Talon Noxus
50%
Urgot Noxus/Zaun
50%
Vi Piltover/Zaun
50%
Viktor Piltover/Zaun
50%
Thresh Shadow Isles
50%
Taliyah Shurima
50%
Xerath Shurima
50%
Vel'Koz Void
50%
Twitch Zaun
50%
Warwick Zaun
50%
Yuumi Bandle
25%
Zilean Icathia/Runeterra/Shurima
25%
Yasuo Ionia
25%
Yone Ionia
25%
Zed Ionia
25%
Zyra Ixtal
25%
Yorick Shadow Isles
25%
Zoé Targon
25%
Zac Zaun
25%
Zeri Zaun
25%
Ziggs Zaun/Bandle
25%
No matching quizzes found
Score Distribution
Percent of People with Each Score
Percentile by Number Answered
Your Score History
You have not taken this quiz since the last reset